000 00198nam a22000857a 4500
001 1243210
005 20251016112935.0
245 _aYEŞİL ADANIN ÇOCUKLARI
_cHAVVA TEKİN
260 _bTİMAŞ YAYINLARI
999 _c1243210
_d1243210